[Event "AUTO-INT-3466"]
[Site "http://www.queenalice.com/game.php?id=1585119"]
[Date "2019.9.29"]
[Round "1"]
[White "brumbaz"]
[Black "jmsteinfeld"]
[Result "0-1"]
[WhiteElo "1583"]
[BlackElo "1680"]

1. e4 e5 2. Bc4 Bc5 3. Nf3 d6 4. d3 Bg4 5. Nc3 c6 6. Be3 Bxe3 7. fxe3 Bxf3 8.
Qxf3 Qf6 9. Qh3 Nh6 10. Qh5 Qg6 11. Qf3 O-O 12. O-O-O b5 13. Rhf1 bxc4 14. dxc4
Nd7 15. h3 a5 16. c5 Nxc5 17. Nd5 cxd5 18. exd5 Rfc8 19. Qe2 a4 0-1

[Event "AUTO-ADV-4264"]
[Site "http://www.queenalice.com/game.php?id=1590526"]
[Date "2019.11.18"]
[Round "1"]
[White "dazzeechain"]
[Black "jmsteinfeld"]
[Result "1-0"]
[WhiteElo "1959"]
[BlackElo "1744"]

1. e4 e5 2. Nf3 Nc6 3. Bb5 d6 4. d4 Bd7 5. d5 Nd4 6. Bxd7+ Qxd7 7. Nxd4 O-O-O 8.
Nf5 g6 9. Ne3 f5 10. Nc3 Nf6 11. f3 f4 12. Nc4 h5 13. Qe2 g5 14. Bd2 g4 15.
O-O-O gxf3 16. gxf3 c6 17. Be1 cxd5 18. Nxd5 Nxd5 19. Rxd5 b6 20. Nxe5 Qc7 21.
Nc4 Rh7 22. Bc3 Bg7 23. Bxg7 Rxg7 24. Rxh5 Re7 25. Rd5 Kb8 26. Rg1 1-0

[Event "AUTO-ADV-4264"]
[Site "http://www.queenalice.com/game.php?id=1590527"]
[Date "2019.11.18"]
[Round "1"]
[White "jmsteinfeld"]
[Black "dazzeechain"]
[Result "1-0"]
[WhiteElo "1737"]
[BlackElo "1981"]

1. e4 c5 2. Bc4 Nc6 3. d3 e6 4. c3 a6 5. a3 d5 6. exd5 exd5 7. Ba2 Nf6 8. Bg5
Be7 9. Bxf6 Bxf6 10. Ne2 O-O 11. O-O Bg4 12. f3 Bh5 13. Ng3 Bg6 14. f4 h6 15. f5
Bh7 16. Nd2 Qb6 17. Bxd5 Qxb2 18. Rb1 Qxa3 19. Rxb7 Na5 20. Rxf7 Rxf7 21. Bxa8
Qxc3 22. Qe2 Kf8 23. Nge4 Qd4+ 24. Kh1 Re7 25. Rb1 Bg8 26. Rb8+ Kf7 27. Qh5+ 1-0

[Event "AUTO-ADV-4264"]
[Site "http://www.queenalice.com/game.php?id=1590540"]
[Date "2019.11.18"]
[Round "1"]
[White "agilulfo"]
[Black "jmsteinfeld"]
[Result "1-0"]
[WhiteElo "1901"]
[BlackElo "1638"]

1. d4 d5 2. c4 Bf5 3. cxd5 Qxd5 4. Nc3 Qd7 5. e4 Bg6 6. Nf3 Nc6 7. Bb5 a6 8. Ne5
axb5 9. Nxd7 Kxd7 10. Qg4+ e6 11. Nxb5 Bb4+ 12. Ke2 Nf6 13. Qf4 Rac8 14. a3 Ba5
15. f3 Rhe8 16. b4 Bb6 17. Rd1 Ke7 18. g4 h6 19. d5 exd5 20. exd5 Kf8+ 21. Kf1
Ne5 22. Kg2 Nexg4 23. fxg4 Re2+ 24. Kf1 Rf2+ 25. Qxf2 Bxf2 26. Kxf2 Nxg4+ 27.
Kg3 Nf6 28. d6 cxd6 29. Nxd6 Ne4+ 30. Nxe4 Bxe4 31. Be3 1-0

[Event "AUTO-ADV-4264"]
[Site "http://www.queenalice.com/game.php?id=1590541"]
[Date "2019.11.18"]
[Round "1"]
[White "jmsteinfeld"]
[Black "agilulfo"]
[Result "0-1"]
[WhiteElo "1684"]
[BlackElo "2038"]

1. e4 c5 2. Bc4 d6 3. d3 Nf6 4. h3 g6 5. Nf3 Bg7 6. Bxf7+ Kxf7 7. Ng5+ Ke8 8.
O-O b5 9. Be3 Nc6 10. c3 a5 11. Qf3 Ne5 12. Qe2 Ba6 13. Ne6 Qb6 14. Nxg7+ Kf7
15. Bh6 Ng8 16. Qe3 Nxh6 17. Qxh6 Rag8 18. Nf5 gxf5 19. exf5 Nxd3 20. Qe6+ Ke8
21. f6 Rxg2+ 22. Kh1 Qb7 23. Qxe7+ Qxe7 24. fxe7 Rxf2 25. Rxf2 Nxf2+ 26. Kg2 Nd3
27. Nd2 Nxb2 0-1

[Event "AUTO-ADV-4264"]
[Site "http://www.queenalice.com/game.php?id=1590548"]
[Date "2019.11.18"]
[Round "1"]
[White "kuntakinte"]
[Black "jmsteinfeld"]
[Result "1-0"]
[WhiteElo "1785"]
[BlackElo "1802"]

1. e4 e5 2. Bc4 Bc5 3. Nf3 f6 4. O-O d6 5. a3 Bg4 6. b4 Bb6 7. Nc3 Ne7 8. h3 Bh5
9. Be2 O-O 10. d4 Bxf3 11. Bxf3 Bxd4 12. Bb2 Bxc3 13. Bxc3 Nbc6 14. b5 Nd4 15.
Bxd4 exd4 16. Qxd4 c6 17. Qc4+ Kh8 18. Rad1 cxb5 19. Qxb5 Qb6 20. Qd3 Rfd8 21.
Rb1 Qc7 22. Rb3 Rac8 23. Rc1 b6 24. Bg4 Rb8 25. c4 Ng6 26. Bf5 Ne5 27. Qe2 g6
28. Be6 b5 29. Rxb5 Rxb5 30. Qe3 Rc5 31. Qe2 Qe7 32. Bd5 f5 33. exf5 gxf5 34.
Qc2 Rdc8 35. Qxf5 Rf8 36. Qh5 Qf6 37. Rc2 Rxd5 38. cxd5 Nd3 39. Qe2 Qa1+ 40. Kh2
Qxa3 41. Qe7 1-0

[Event "AUTO-ADV-4264"]
[Site "http://www.queenalice.com/game.php?id=1590549"]
[Date "2019.11.18"]
[Round "1"]
[White "jmsteinfeld"]
[Black "kuntakinte"]
[Result "1-0"]
[WhiteElo "1785"]
[BlackElo "1804"]

1. e4 e5 2. Nf3 d6 3. Bc4 h6 4. d3 Bg4 5. h3 Bxf3 6. Qxf3 Nf6 7. O-O a6 8. a3 b5
9. Ba2 c6 10. Nc3 Nbd7 11. Ne2 Qb6 12. Be3 c5 13. c4 b4 14. axb4 Qxb4 15. Nc3
Qxb2 16. Nd5 Nxd5 17. exd5 Qb7 18. Rab1 Qc7 19. Rb2 Ra7 20. Rfb1 Ra8 21. Rb7 Qc8
22. Qf5 Be7 23. g4 g6 24. Qf3 a5 25. R7b2 Bf6 26. Re2 a4 27. d4 cxd4 28. Bxd4
O-O 29. Be3 Re8 30. Bxh6 Nc5 31. Qxf6 Ne6 32. dxe6 Qxe6 33. Qg7# 1-0

[Event "AUTO-INT-3455"]
[Site "http://www.queenalice.com/game.php?id=1593735"]
[Date "2019.12.22"]
[Round "2"]
[White "sofia"]
[Black "jmsteinfeld"]
[Result "1-0"]
[WhiteElo "1611"]
[BlackElo "1752"]

1. e4 e5 2. Nf3 Nc6 3. a3 Bc5 4. Bc4 h6 5. h3 d6 6. d3 Nd4 7. Nc3 c6 8. O-O
Nxf3+ 9. Qxf3 Qf6 10. Qxf6 Nxf6 11. b4 Bb6 12. a4 Bd4 13. Bb2 O-O 14. b5 Bxc3
15. Bxc3 cxb5 16. Bxb5 Bd7 17. Bb4 1-0

[Event "AUTO-INT-3455"]
[Site "http://www.queenalice.com/game.php?id=1593736"]
[Date "2019.12.22"]
[Round "2"]
[White "jmsteinfeld"]
[Black "sofia"]
[Result "0-1"]
[WhiteElo "1730"]
[BlackElo "1633"]

1. e4 e5 2. Nf3 Nc6 3. Bb5 Qf6 4. O-O Bc5 5. Bxc6 Qxc6 6. Nxe5 Qxe4 7. Re1 Qd4
8. Nf3+ Ne7 9. Nxd4 Bxd4 10. c3 Bc5 11. d4 Bd6 12. Qe2 a6 13. Bf4 O-O 14. Bxd6
Re8 15. Bxe7 d6 16. Nd2 Be6 0-1

[Event "AUTO-INT-3455"]
[Site "http://www.queenalice.com/game.php?id=1593739"]
[Date "2019.12.22"]
[Round "2"]
[White "jmsteinfeld"]
[Black "byyonico"]
[Result "1-0"]
[WhiteElo "1775"]
[BlackElo "1512"]

1. e4 c5 2. Bc4 e6 3. d4 cxd4 4. Qxd4 Nc6 5. Qd1 a6 6. Nc3 b5 7. Bd3 Nf6 8. Bg5
Be7 9. Nf3 O-O 10. O-O Bc5 11. e5 Nxe5 12. Nxe5 d6 13. Ng4 h6 14. Nxf6+ Kh8 15.
Bxh6 gxh6 16. Nh5 Qg5 17. Ne4 Qe5 18. Nef6 Qxb2 19. Qg4 Rg8 20. Qxg8# 1-0

[Event "AUTO-INT-3455"]
[Site "http://www.queenalice.com/game.php?id=1593740"]
[Date "2019.12.22"]
[Round "2"]
[White "byyonico"]
[Black "jmsteinfeld"]
[Result "0-1"]
[WhiteElo "1507"]
[BlackElo "1780"]

1. c4 e5 2. a3 Bc5 3. e3 d6 4. Nc3 Be6 5. b4 Bb6 6. Na4 Nf6 7. Nxb6 axb6 8. d4
O-O 9. dxe5 dxe5 10. Qf3 Nc6 11. Bb2 Bg4 12. Qg3 Nxb4 13. f3 Nc2+ 14. Kf2 Qd2+
15. Be2 Qxe3+ 16. Kf1 Nxa1 17. Bxa1 Qc1+ 18. Kf2 Qxa1 19. h3 Bh5 20. Qh2 Qd4+
21. Ke1 Rxa3 22. Bd1 Ra1 23. Ne2 Rxd1# 0-1

[Event "AUTO-ADV-4290"]
[Site "http://www.queenalice.com/game.php?id=1597540"]
[Date "2020.1.27"]
[Round "1"]
[White "fabricioprado"]
[Black "jmsteinfeld"]
[Result "1-0"]
[WhiteElo "1781"]
[BlackElo "1642"]

1. e4 e5 2. Nf3 Nc6 3. Bc4 Bc5 4. O-O f6 5. Bxg8 Rxg8 6. c3 d6 7. d3 Bg4 8. Nbd2
Qd7 9. b4 Bb6 10. a4 a6 11. a5 Ba7 12. Qc2 Bxf3 13. Nxf3 g5 14. g3 h5 15. Qe2 h4
16. Ne1 O-O-O 17. Ng2 Qh3 18. Kh1 hxg3 19. fxg3 Rh8 20. Ne1 Qxg3 21. d4 Rh3 22.
Rf3 Qg4 23. Qg2 Qxg2+ 24. Kxg2 Rxf3 25. Nxf3 exd4 26. cxd4 Nxd4 27. Bb2 c5 28.
Bxd4 cxd4 29. Ne1 Re8 30. Kf3 Kd7 31. Nd3 d5 32. Re1 dxe4+ 33. Rxe4 g4+ 34. Kf4
Bb8+ 35. Kf5 1-0

[Event "AUTO-ADV-4290"]
[Site "http://www.queenalice.com/game.php?id=1597541"]
[Date "2020.1.27"]
[Round "1"]
[White "jmsteinfeld"]
[Black "fabricioprado"]
[Result "0-1"]
[WhiteElo "1632"]
[BlackElo "1791"]

1. e4 e5 2. Nf3 Nc6 3. Bb5 d6 4. d3 Bd7 5. Bxc6 Bxc6 6. Be3 Nf6 7. O-O Be7 8.
Nc3 O-O 9. h3 a6 10. Bg5 Nd7 11. Bxe7 Qxe7 12. Nd5 Bxd5 13. exd5 f5 14. Re1 Qf6
15. c3 Nc5 16. Qd2 e4 17. dxe4 Nxe4 18. Qd4 Rae8 19. Qxf6 Nxf6 20. c4 g6 21. b4
Rxe1+ 22. Rxe1 Re8 23. Rxe8+ Nxe8 24. a4 Kf7 25. g3 Kf6 26. Kg2 b6 27. g4 fxg4
28. hxg4 h6 29. Kg3 g5 0-1

[Event "AUTO-ADV-4290"]
[Site "http://www.queenalice.com/game.php?id=1597556"]
[Date "2020.1.27"]
[Round "1"]
[White "jmsteinfeld"]
[Black "Bigchess"]
[Result "0-1"]
[WhiteElo "1768"]
[BlackElo "1777"]

1. e4 e5 2. Nf3 d6 3. Bc4 Be7 4. O-O Nf6 5. d3 Nc6 6. Bxf7+ Kxf7 7. h3 Rf8 8.
Bg5 Kg8 9. Nc3 Nd4 10. Bxf6 Nxf3+ 11. Qxf3 Rxf6 12. Qe3 Qf8 13. Nd5 Rg6 14.
Nxe7+ Qxe7 15. Kh2 c6 16. f4 exf4 17. Rxf4 Be6 18. a3 Rf8 19. Raf1 Rxf4 20. Rxf4
Qg5 21. Qf2 h6 22. Rf8+ Kh7 23. Rf3 Qe5+ 0-1

[Event "AUTO-ADV-4290"]
[Site "http://www.queenalice.com/game.php?id=1597557"]
[Date "2020.1.27"]
[Round "1"]
[White "Bigchess"]
[Black "jmsteinfeld"]
[Result "1-0"]
[WhiteElo "1760"]
[BlackElo "1785"]

1. e4 e5 2. Bc4 Nc6 3. Nf3 Bc5 4. c3 d6 5. d3 Bg4 6. Qe2 Bxf3 7. Qxf3 Qf6 8. Qe2
O-O-O 9. Be3 Nge7 10. Nd2 Bxe3 11. Qxe3 Kb8 12. Bb3 d5 13. exd5 Nxd5 14. Ne4
Nxe3 15. Nxf6 gxf6 16. fxe3 Rxd3 17. O-O Rxe3 18. Rxf6 Re2 19. Rxf7 h5 20. Raf1
a6 21. Rf8+ Rxf8 22. Rxf8+ Ka7 23. Rh8 1-0

[Event "AUTO-ADV-4290"]
[Site "http://www.queenalice.com/game.php?id=1597558"]
[Date "2020.1.27"]
[Round "1"]
[White "jmsteinfeld"]
[Black "BeatifulDevil56"]
[Result "0-1"]
[WhiteElo "1697"]
[BlackElo "1762"]

1. e4 e5 2. Nf3 d6 3. Bc4 h6 4. d3 Bg4 5. O-O Qf6 6. h3 Bxf3 7. Qxf3 Nc6 8. c3
a6 9. Qxf6 Nxf6 10. b4 Na7 11. Be3 Be7 12. f4 exf4 13. Bxf4 O-O-O 0-1

[Event "AUTO-ADV-4290"]
[Site "http://www.queenalice.com/game.php?id=1597559"]
[Date "2020.1.27"]
[Round "1"]
[White "BeatifulDevil56"]
[Black "jmsteinfeld"]
[Result "1-0"]
[WhiteElo "1773"]
[BlackElo "1710"]

1. d4 d5 2. Nf3 Bg4 3. Nbd2 Bxf3 4. Nxf3 e6 5. Bf4 c5 6. dxc5 Bxc5 7. Be5 f6 8.
Bxb8 Rxb8 9. e3 Qa5+ 10. c3 Ne7 11. Bd3 O-O 12. b4 Bxb4 13. cxb4 Qxb4+ 14. Nd2
1-0

[Event "Challenge"]
[Site "http://www.queenalice.com/game.php?id=1598570"]
[Date "2020.2.6"]
[Round "-"]
[White "jmsteinfeld"]
[Black "Paulojunior76"]
[Result "0-1"]
[WhiteElo "1601"]
[BlackElo "1247"]

1. e4 c6 2. d4 d5 3. e5 Bf5 4. Bd3 Bg6 5. Bxg6 hxg6 6. Nf3 e6 7. Bg5 Qb6 8. b3
Bb4+ 9. c3 Be7 10. Bxe7 Nxe7 11. O-O c5 12. dxc5 Qxc5 0-1

[Event "AUTO-INT-3513"]
[Site "http://www.queenalice.com/game.php?id=1604173"]
[Date "2020.3.25"]
[Round "1"]
[White "jmsteinfeld"]
[Black "CERVERO"]
[Result "0-1"]
[WhiteElo "1622"]
[BlackElo "1758"]

1. e4 c5 2. Bc4 d6 3. d3 Nf6 4. h3 e6 5. Bg5 Be7 6. Nf3 a6 7. O-O O-O 8. Nc3 b5
9. Bb3 Nc6 10. a3 Qc7 11. d4 c4 12. Ba2 Re8 13. b3 Na5 14. b4 Nc6 15. d5 exd5
0-1

[Event "AUTO-INT-3513"]
[Site "http://www.queenalice.com/game.php?id=1604174"]
[Date "2020.3.25"]
[Round "1"]
[White "CERVERO"]
[Black "jmsteinfeld"]
[Result "1-0"]
[WhiteElo "1769"]
[BlackElo "1611"]

1. d4 d5 2. Nc3 Nc6 3. e3 Bf5 4. Bd3 Bxd3 5. cxd3 e5 6. dxe5 Nxe5 7. Nge2 Qd7 8.
Ng3 O-O-O 9. O-O g6 10. d4 Nc6 11. a3 Bg7 12. b4 h5 13. b5 Nce7 14. a4 f5 15. f4
h4 16. Nh1 Bf6 17. Nf2 g5 18. fxg5 Bxg5 19. Nh3 1-0